Регионална библиотека "Любен Каравелов" - Русе

Modisches aus alter Zeit (Запис номер 92478)

MARC детайли
000 -Лидер
Контролно поле с фиксирана дължина 01692nam a2200445 a 4500
003 - Код на организацията, давaща контролен номер
Контролно поле BLK
005 - Дата и час на последна редакция
Контролно поле 20230719101741.0
008 - Елементи от данни с фиксирана дължина
fixed length control field 180408b bul|||||r ||||||| ||bul||
010 ## - Наследен системен номер
LC control number KNG00097258000
040 ## - Източник на каталожния запис
Идентификатор на билиотеката - собственик на записа BLK
041 ## - Код за език
Код за езика на текст/звукозапис или на отделно заглавие Немски
Код за езика КДБФ Немски
080 ## - УДК
Текстов определител УДК Облекло. Носия. Мода. Накит. Вж и 613.4 ; 646 ; 687
УДК код - определител по УДК 391
УДК определител (091)
УДК - код + определител 391(091)
080 ## - УДК
Текстов определител УДК Сбирки. Експониране. Подразделят се със знак за отношение
УДК код - определител по УДК 069.5
УДК определител :391(430)
УДК - код + определител 069.5:391(430)
080 ## - УДК
Текстов определител УДК Художествени занаяти
УДК код - определител по УДК 745
УДК определител :391
УДК - код + определител 745:391
139 ## - Редно поле
Редна дума Modisches aus alter Zeit
Авторски знак Моа - М 79
Filing suffix M 78 a
Feature heading М 79 а
245 10 - Сведения за заглавието
Заглавие Modisches aus alter Zeit
Подзаглавни данни Accessoires aus vier Jahrhunderten : Fachsammlung Bayer. Nationalmuseum Munchen
Редно поле (дума) texte von Saskia Durian-Ress.
257 ## - Страна на издаване
Страна на създаване/издаване Германия
260 ## - Област на издателските данни
Име на издателя, разпространителя и проч. Bayer. Versicherungskammer
Година на издаване 1979
300 ## - Физическа характеристика
Страници 60 p.
Илюстрации и др. uberwiegend ill.
Размери/Мащаб 23 cm
380 ## - Жанр
Жанр Обществени науки
500 ## - Общи забележки
Забележка Bibliogr. p. 60.
504 ## - Забележка за наличие на библиография и др
Забележка за наличие на библиография и под. 60
650 #4 - Допълнително описание по предмет – тема
Основно описание – тема или топоним Мода - история
9 (RLIN) 282097
650 #4 - Допълнително описание по предмет – тема
Основно описание – тема или топоним Музейни сбирки
9 (RLIN) 162843
650 #4 - Допълнително описание по предмет – тема
Основно описание – тема или топоним Приложно и декоративно изкуство
9 (RLIN) 248151
651 #4 - Допълнително описание по предмет - топоним
Географско понятие Германия
9 (RLIN) 178754
653 ## - Ключова дума – ненормативна
Ключова дума мода
653 ## - Ключова дума – ненормативна
Ключова дума история
653 ## - Ключова дума – ненормативна
Ключова дума музейни сбирки
653 ## - Ключова дума – ненормативна
Ключова дума приложни изкуства
653 ## - Ключова дума – ненормативна
Ключова дума декоративно изкуство
700 1# - Други автори (авторска отговорност)
Лично име Durian-Ress, Saskia
Автороска отговорност (Описва отношението между автора и произведението) texte von
9 (RLIN) 9160
852 ## - Местоположение
Форматна сигнатура Цб 249202
Фондова буква Хранилище
856 4# - Електронен адрес и достъп
Електронен формат pdf - файл
856 4# - Електронен адрес и достъп
Електронен формат pdf - файл
942 ## - АРТИКУЛИ
Вид на библиотечния материал Книги
Скрит в OPAC Не
Периодичен библиозапис Да
944 ## - СЪЗДАВАНЕ И РЕДАКЦИЯ на ЗАПИСА
Създаване/Редакция Създаване
Дата на регистрацията/редакция 11.10.2010
Статус, дата на статуса Русанова Ирена
Служител, извършил регистрацията/редакцията 30542
944 ## - СЪЗДАВАНЕ И РЕДАКЦИЯ на ЗАПИСА
Създаване/Редакция Редакция
Дата на регистрацията/редакция 19.07.2023
999 ## - СИСТЕМНИ КОНТРОЛНИ НОМЕРА
Koha biblionumber 92478
Koha biblioitemnumber 92478
999 ## - СИСТЕМНИ КОНТРОЛНИ НОМЕРА
Koha biblioitemnumber 92478
Наличности
Код за отписване Код за изгубен артикул Източник на класификационната схема Код за повреда Коз за рестрикции Код за отдаване Артикулен № Име на библиотеката - собственик Име на библиотеката, в която се намира в момента Статус (Текущо местоположение) Дата на вписване в системата Местоположение - отдел Цена в лева Инвентарен номер Систематично азбучна сигнатура Баркод Номер на екземпляра Цена в евро Служебна бележка Служебен тип на артикула
  Не е изгубен Universal Decimal Classification Не е повреден без рестрикции заемане за дома 148968 Регионална библиотека "Любен Каравелов" Русе Регионална библиотека "Любен Каравелов" Русе Отдел Изкуство - подръчен фонд 2010-10-06 Отдел Изкуство - подръчен фонд 15.00 120000746453 39/М 79 а 120000746453 1 7.67 Дост: DA Вид: А N: 21 Дата: 06.10.2010 Дата инв: 05.06.2012 Бележки инв: * Книги
Vip Innovations Ltd, Rousse, Bulgaria 2025